Football - Pays ayant gagnés la Coupe du Monde (Mort Subite) - Statistiques

Statistiques générales
  • Ce quiz a été pris 211 fois
  • Le résultat moyen est 7 sur 8
Answers on the Grid
Answers color-coded by a green-red scale on the quiz's grid according to % correct below.
France
Allemagne
Italie
Brésil
Argentine
Uruguay
Angleterre
Espagne
Portugal
Russie
États-Unis
Colombie
Pays bas
Belgique
Maroc
Japon
 
Statistiques - réponses
Réponse % Correct
Brésil
95%
France
95%
Allemagne
94%
Argentine
94%
Espagne
93%
Italie
93%
Uruguay
89%
Angleterre
87%
Aucun quiz correspondant
Distribution des résultats
% des personnes avec chaque résultat
Percentile par nombre de réponses
Votre historique - résultats
Vous n’avez pas pris ce quiz